000
00212 a2200097 4500
001
13496
100
_a
Matthew M
245
_a
Long march to freedom
260
_a
London
_b
Hutchinson ltd
_c
090
_c
10501
_d
10501
942
_a
NUST-CAE
_c
M
_c
561
999
_c
248569
_d
248569